[Event "Greek Team Championship"]
[Site "chess24.com"]
[Date "2017.07.06"]
[Round "5"]
[White "Tomara, Ioanna"]
[Black "Bellou, Nazareta"]
[Result "0-1"]
[Board "7"]
[WhiteElo "1007"]
[WhiteCountry "GRE"]
[WhiteFideId "25834940"]
[WhiteEloChange "-6"]
[BlackElo "1165"]
[BlackCountry "GRE"]
[BlackFideId "25832522"]
[BlackEloChange "6"]

1. e4 {[%clk 1:30:58]} c5 {[%clk 1:30:55]} 2. Nc3 {[%clk 1:31:20]} e6 {[%clk
1:31:15]} 3. Bc4 {[%clk 1:31:05]} Nc6 {[%clk 1:31:25]} 4. d3 {[%clk 1:30:20]} Nf6
{[%clk 1:31:02]} 5. Nf3 {[%clk 1:28:33]} a6 {[%clk 1:30:39]} 6. Bg5 {[%clk
1:26:16]} h6 {[%clk 1:30:27]} 7. Bh4 {[%clk 1:26:37]} b5 {[%clk 1:29:16]} 8. Bb3
{[%clk 1:26:28]} Na5 {[%clk 1:25:52]} 9. e5 {[%clk 1:25:24]} g5 {[%clk 1:24:45]}
10. Bg3 {[%clk 1:25:19]} Nh5 {[%clk 1:23:11]} 11. Ne4 {[%clk 1:18:54]} Nxg3
{[%clk 1:18:10]} 12. hxg3 {[%clk 1:18:50]} Be7 {[%clk 1:10:14]} 13. Qd2 {[%clk
1:17:04]} Nxb3 {[%clk 1:01:03]} 14. axb3 {[%clk 1:16:09]} Qc7 {[%clk 0:52:50]}
15. d4 {[%clk 1:10:24]} cxd4 {[%clk 0:49:32]} 16. Qxd4 {[%clk 1:10:15]} Qxc2
{[%clk 0:26:15]} 17. Nd6+ {[%clk 1:05:29]} Kf8 {[%clk 0:21:03]} 18. Qc3 {[%clk
1:01:31]} Qxc3+ {[%clk 0:19:21]} 19. bxc3 {[%clk 1:01:54]} Bxd6 {[%clk 0:19:29]}
20. exd6 {[%clk 1:02:18]} Kg7 {[%clk 0:19:30]} 21. O-O-O {[%clk 1:01:20]} f6
{[%clk 0:18:05]} 22. Nd4 {[%clk 1:00:28]} Bb7 {[%clk 0:17:40]} 23. f3 {[%clk
1:00:18]} Rhc8 {[%clk 0:17:40]} 24. Kb2 {[%clk 0:59:47]} Bd5 {[%clk 0:15:29]} 25.
g4 {[%clk 0:59:18]} Rab8 {[%clk 0:15:21]} 26. Rhf1 {[%clk 0:59:04]} Rb6 {[%clk
0:15:27]} 27. g3 {[%clk 0:59:00]} Rxd6 {[%clk 0:15:02]} 28. f4 {[%clk 0:58:59]}
Bg2 {[%clk 0:14:09]} 29. Nf5+ {[%clk 0:57:52]} exf5 {[%clk 0:14:10]} 30. Rxd6
{[%clk 0:58:14]} Bxf1 {[%clk 0:14:18]} 31. Rxd7+ {[%clk 0:58:38]} Kg6 {[%clk
0:14:18]} 32. gxf5+ {[%clk 0:58:54]} Kxf5 {[%clk 0:14:32]} 33. Rd6 {[%clk
0:58:19]} Ra8 {[%clk 0:14:27]} 34. Rc6 {[%clk 0:58:17]} Kg4 {[%clk 0:14:41]} 35.
Rxf6 {[%clk 0:58:36]} Kxg3 {[%clk 0:14:27]} 36. Rxh6 {[%clk 0:58:32]} gxf4 {[%clk
0:14:40]} 37. Rg6+ {[%clk 0:58:08]} Kf2 {[%clk 0:14:40]} 38. Kc2 {[%clk 0:58:16]}
f3 {[%clk 0:14:04]} 39. Kd2 {[%clk 0:55:00]} Bg2 {[%clk 0:13:43]} 40. Re6 {[%clk
1:23:58]} Kg1 {[%clk 0:42:17]} 41. Re1+ {[%clk 1:23:56]} Kh2 {[%clk 0:42:03]} 42.
Ke3 {[%clk 1:23:55]} Re8+ {[%clk 0:42:21]} 43. Kf2 {[%clk 1:24:21]} Rxe1 {[%clk
0:42:36]} 44. Kxe1 {[%clk 1:24:49]} Kg1 {[%clk 0:42:53]} 45. b4 {[%clk 1:24:49]}
f2+ {[%clk 0:43:15]} 46. Ke2 {[%clk 1:25:08]} f1Q+ {[%clk 0:43:33]} 47. Ke3
{[%clk 1:25:32]} Qc4 {[%clk 0:43:25]} 48. Kd2 {[%clk 1:25:43]} Qe4 {[%clk
0:43:31]} 49. c4 {[%clk 1:25:39]} bxc4 {[%clk 0:43:50]} 50. Kc1 {[%clk 1:26:00]}
Qe2 {[%clk 0:44:05]} 51. b5 {[%clk 1:26:00]} Be4 {[%clk 0:44:21]} 52. b6 {[%clk
1:26:10]} Qc2# {[%clk 0:44:21]} 0-1

[Event "Greek Team Championship"]
[Site "chess24.com"]
[Date "2017.07.06"]
[Round "5"]
[White "Berbatis, Antonios"]
[Black "Kollias, Ioannis K."]
[Result "1-0"]
[Board "8"]
[WhiteElo "1702"]
[WhiteCountry "GRE"]
[WhiteFideId "25804677"]
[WhiteEloChange "7"]
[BlackElo "1599"]
[BlackCountry "GRE"]
[BlackFideId "4297105"]
[BlackEloChange "-7"]

1. e4 {[%clk 1:30:43]} e5 {[%clk 1:30:54]} 2. Nf3 {[%clk 1:31:01]} Nc6 {[%clk
1:31:17]} 3. Bc4 {[%clk 1:30:40]} Nf6 {[%clk 1:31:35]} 4. d3 {[%clk 1:30:29]} Bc5
{[%clk 1:31:03]} 5. O-O {[%clk 1:30:28]} O-O {[%clk 1:31:14]} 6. c3 {[%clk
1:30:19]} d6 {[%clk 1:29:55]} 7. Nbd2 {[%clk 1:30:05]} h6 {[%clk 1:28:15]} 8. Re1
{[%clk 1:29:44]} Re8 {[%clk 1:26:38]} 9. Nf1 {[%clk 1:27:28]} a6 {[%clk 1:24:39]}
10. Bb3 {[%clk 1:26:49]} Ba7 {[%clk 1:21:14]} 11. Ne3 {[%clk 1:22:24]} Bxe3
{[%clk 1:17:26]} 12. Bxe3 {[%clk 1:22:08]} d5 {[%clk 1:17:26]} 13. Qc2 {[%clk
1:22:08]} dxe4 {[%clk 1:10:14]} 14. dxe4 {[%clk 1:14:10]} Qe7 {[%clk 1:09:43]}
15. Bd5 {[%clk 1:09:21]} Bd7 {[%clk 1:06:42]} 16. b4 {[%clk 1:07:41]} b6 {[%clk
1:06:42]} 17. a4 {[%clk 1:06:27]} Nxd5 {[%clk 1:02:52]} 18. exd5 {[%clk 1:06:50]}
Nd8 {[%clk 1:01:15]} 19. Qb3 {[%clk 1:00:38]} Qf6 {[%clk 0:58:59]} 20. Nd2 {[%clk
0:57:04]} Nb7 {[%clk 0:56:37]} 21. Ne4 {[%clk 0:49:07]} Qg6 {[%clk 0:56:34]} 22.
f3 {[%clk 0:49:07]} Nd6 {[%clk 0:52:13]} 23. Nxd6 {[%clk 0:44:17]} Qxd6 {[%clk
0:52:10]} 24. Bf2 {[%clk 0:41:48]} a5 {[%clk 0:50:47]} 25. b5 {[%clk 0:41:13]}
Rad8 {[%clk 0:50:52]} 26. Rad1 {[%clk 0:37:09]} Bf5 {[%clk 0:49:08]} 27. Qc4
{[%clk 0:36:02]} Kf8 {[%clk 0:47:31]} 28. Rd2 {[%clk 0:33:45]} Rd7 {[%clk
0:45:47]} 29. Qc6 {[%clk 0:24:16]} f6 {[%clk 0:36:25]} 30. Qxd6+ {[%clk 0:23:23]}
Rxd6 {[%clk 0:36:19]} 31. c4 {[%clk 0:23:25]} Red8 {[%clk 0:32:34]} 32. c5 {[%clk
0:19:45]} Rxd5 {[%clk 0:32:44]} 33. Rxd5 {[%clk 0:20:09]} Rxd5 {[%clk 0:33:11]}
34. cxb6 {[%clk 0:20:33]} cxb6 {[%clk 0:33:36]} 35. Bxb6 {[%clk 0:20:47]} Bc2
{[%clk 0:33:46]} 36. Ra1 {[%clk 0:17:35]} Rd1+ {[%clk 0:33:17]} 37. Rxd1 {[%clk
0:18:00]} Bxd1 {[%clk 0:33:43]} 38. Bc5+ {[%clk 0:17:51]} 1-0

[Event "Greek Team Championship"]
[Site "chess24.com"]
[Date "2017.07.06"]
[Round "5"]
[White "Argyropoulos, Theodoros"]
[Black "Loukopoulos, Panagiotis-Athanasi"]
[Result "0-1"]
[Board "9"]
[WhiteElo "1629"]
[WhiteCountry "GRE"]
[WhiteFideId "4264851"]
[WhiteEloChange "-3"]
[BlackElo "1902"]
[BlackCountry "GRE"]
[BlackFideId "4293835"]
[BlackEloChange "3"]

1. e4 {[%clk 1:30:58]} e5 {[%clk 1:30:49]} 2. Nf3 {[%clk 1:31:11]} Nc6 {[%clk
1:31:13]} 3. d4 {[%clk 1:31:04]} exd4 {[%clk 1:31:37]} 4. Bc4 {[%clk 1:31:07]}
Bc5 {[%clk 1:31:47]} 5. c3 {[%clk 1:31:14]} Nf6 {[%clk 1:32:11]} 6. cxd4 {[%clk
1:30:32]} Bb4+ {[%clk 1:32:32]} 7. Bd2 {[%clk 1:30:49]} Nxe4 {[%clk 1:32:41]} 8.
Bxb4 {[%clk 1:29:51]} Nxb4 {[%clk 1:33:04]} 9. Bxf7+ {[%clk 1:28:46]} Kxf7 {[%clk
1:33:22]} 10. Qb3+ {[%clk 1:29:10]} d5 {[%clk 1:33:34]} 11. Ne5+ {[%clk 1:25:38]}
Ke6 {[%clk 1:33:34]} 12. Qxb4 {[%clk 1:25:54]} c5 {[%clk 1:33:48]} 13. Qa4 {[%clk
1:24:47]} Qb6 {[%clk 1:31:28]} 14. Qc2 {[%clk 1:06:25]} cxd4 {[%clk 1:31:07]} 15.
Nd3 {[%clk 1:05:36]} Re8 {[%clk 1:24:05]} 16. O-O {[%clk 1:00:48]} Kf7 {[%clk
1:22:58]} 17. f3 {[%clk 0:46:47]} Nf6 {[%clk 0:51:07]} 18. Qc5 {[%clk 0:30:48]}
Bf5 {[%clk 0:37:39]} 19. Qxb6 {[%clk 0:19:45]} axb6 {[%clk 0:38:00]} 20. Nb4
{[%clk 0:17:19]} Re2 {[%clk 0:30:54]} 21. Rf2 {[%clk 0:16:26]} Rae8 {[%clk
0:30:26]} 22. Nd2 {[%clk 0:16:03]} d3 {[%clk 0:28:58]} 23. Raf1 {[%clk 0:12:43]}
d4 {[%clk 0:21:34]} 24. g4 {[%clk 0:09:25]} Bg6 {[%clk 0:17:43]} 25. h4 {[%clk
0:09:03]} h6 {[%clk 0:16:27]} 26. Nc4 {[%clk 0:07:30]} Kg8 {[%clk 0:12:15]} 27.
Nd2 {[%clk 0:04:51]} Rd8 {[%clk 0:09:56]} 28. a3 {[%clk 0:04:23]} Nd5 {[%clk
0:10:00]} 29. Nxd5 {[%clk 0:04:48]} Rxd5 {[%clk 0:10:26]} 30. Rd1 {[%clk
0:02:02]} Rde5 {[%clk 0:05:35]} 31. Kf1 {[%clk 0:02:09]} b5 {[%clk 0:03:06]} 32.
Rc1 {[%clk 0:02:08]} Rxf2+ {[%clk 0:03:18]} 33. Kxf2 {[%clk 0:02:30]} Re2+ {[%clk
0:03:44]} 34. Kf1 {[%clk 0:02:47]} Rxd2 {[%clk 0:04:10]} 35. Rc8+ {[%clk
0:03:10]} Kh7 {[%clk 0:04:07]} 36. Rf8 {[%clk 0:02:38]} Re2 {[%clk 0:03:35]} 37.
h5 {[%clk 0:02:32]} Be8 {[%clk 0:04:00]} 38. Rf4 {[%clk 0:02:47]} Rxb2 {[%clk
0:04:15]} 39. Rxd4 {[%clk 0:03:11]} d2 {[%clk 0:04:41]} 40. Ke2 {[%clk 0:33:23]}
Bc6 {[%clk 0:34:57]} 41. f4 {[%clk 0:32:59]} Rb3 {[%clk 0:33:10]} 42. Kxd2 {[%clk
0:32:48]} Bf3 {[%clk 0:32:13]} 43. g5 {[%clk 0:31:43]} hxg5 {[%clk 0:32:33]} 44.
fxg5 {[%clk 0:31:48]} Bxh5 {[%clk 0:32:46]} 45. a4 {[%clk 0:31:31]} bxa4 {[%clk
0:32:49]} 46. Rxa4 {[%clk 0:31:57]} Rb5 {[%clk 0:33:07]} 47. Ke3 {[%clk 0:32:05]}
Rxg5 {[%clk 0:32:40]} 48. Rb4 {[%clk 0:32:17]} Re5+ {[%clk 0:32:54]} 49. Kf4
{[%clk 0:32:28]} Re7 {[%clk 0:33:19]} 50. Kg5 {[%clk 0:32:46]} Be2 {[%clk
0:33:13]} 51. Rh4+ {[%clk 0:32:52]} Kg8 {[%clk 0:33:33]} 52. Rb4 {[%clk 0:33:08]}
b5 {[%clk 0:33:57]} 53. Rd4 {[%clk 0:33:19]} Rb7 {[%clk 0:33:42]} 54. Kg6 {[%clk
0:33:23]} Rb6+ {[%clk 0:34:07]} 55. Kf5 {[%clk 0:33:48]} g6+ {[%clk 0:33:54]} 56.
Ke4 {[%clk 0:33:57]} b4 {[%clk 0:34:12]} 57. Ke3 {[%clk 0:34:04]} b3 {[%clk
0:34:07]} 58. Kd2 {[%clk 0:32:55]} b2 {[%clk 0:34:17]} 59. Kc3 {[%clk 0:33:06]}
b1Q {[%clk 0:34:20]} 60. Rd8+ {[%clk 0:33:31]} Kg7 {[%clk 0:34:34]} 61. Rd7+
{[%clk 0:33:54]} Kh6 {[%clk 0:34:54]} 62. Rd6 {[%clk 0:34:12]} Qb2# {[%clk
0:35:17]} 0-1

[Event "Greek Team Championship"]
[Site "chess24.com"]
[Date "2017.07.06"]
[Round "5"]
[White "Makrygiannis, Ion Periandros"]
[Black "Stefanou, Dimitrios"]
[Result "0-1"]
[Board "10"]
[WhiteElo "1086"]
[WhiteCountry "GRE"]
[WhiteFideId "25853384"]
[WhiteEloChange "-2"]
[BlackElo "1571"]
[BlackCountry "GRE"]
[BlackFideId "25825011"]
[BlackEloChange "2"]

1. c4 {[%clk 1:30:57]} Nf6 {[%clk 1:30:50]} 2. Nc3 {[%clk 1:31:23]} c5 {[%clk
1:31:14]} 3. Nf3 {[%clk 1:31:49]} d5 {[%clk 1:31:36]} 4. cxd5 {[%clk 1:31:45]}
Nxd5 {[%clk 1:31:59]} 5. Nxd5 {[%clk 1:31:40]} Qxd5 {[%clk 1:32:27]} 6. g3 {[%clk
1:31:03]} Nc6 {[%clk 1:32:23]} 7. Bg2 {[%clk 1:30:57]} e5 {[%clk 1:32:29]} 8. d3
{[%clk 1:29:56]} Be7 {[%clk 1:30:23]} 9. O-O {[%clk 1:29:24]} Qd8 {[%clk
1:28:50]} 10. Qa4 {[%clk 1:28:21]} O-O {[%clk 1:27:54]} 11. Be3 {[%clk 1:25:40]}
Bd7 {[%clk 1:25:04]} 12. Qc2 {[%clk 1:22:19]} b6 {[%clk 1:23:52]} 13. Rac1 {[%clk
1:15:24]} Rc8 {[%clk 1:23:38]} 14. Rfe1 {[%clk 1:04:28]} Be6 {[%clk 1:22:30]} 15.
b3 {[%clk 1:01:10]} f5 {[%clk 1:17:06]} 16. Qd2 {[%clk 0:58:13]} Bd5 {[%clk
1:07:57]} 17. Rc2 {[%clk 0:45:23]} h6 {[%clk 1:00:37]} 18. Rd1 {[%clk 0:32:38]}
Qd6 {[%clk 0:57:32]} 19. Qc1 {[%clk 0:29:22]} f4 {[%clk 0:55:11]} 20. Bd2 {[%clk
0:26:53]} fxg3 {[%clk 0:53:10]} 21. hxg3 {[%clk 0:25:15]} Bxf3 {[%clk 0:51:43]}
22. Bxf3 {[%clk 0:20:00]} Nd4 {[%clk 0:50:31]} 23. Rc3 {[%clk 0:16:31]} Rxf3
{[%clk 0:48:54]} 24. exf3 {[%clk 0:15:53]} Ne2+ {[%clk 0:49:02]} 0-1

[Event "Greek Team Championship"]
[Site "chess24.com"]
[Date "2017.07.06"]
[Round "5"]
[White "Tzamtzis, Konstantinos"]
[Black "Georganas, Panayotis"]
[Result "0-1"]
[Board "1"]
[WhiteElo "1860"]
[WhiteCountry "GRE"]
[WhiteFideId "4210042"]
[WhiteEloChange "-6"]
[BlackElo "2018"]
[BlackCountry "GRE"]
[BlackFideId "4269870"]
[BlackEloChange "6"]

1. e4 {[%clk 1:27:02]} e5 {[%clk 1:30:46]} 2. Nf3 {[%clk 1:25:24]} Nf6 {[%clk
1:31:14]} 3. Nxe5 {[%clk 1:25:22]} d6 {[%clk 1:31:42]} 4. Nf3 {[%clk 1:25:34]}
Nxe4 {[%clk 1:31:55]} 5. Nc3 {[%clk 1:24:59]} Nxc3 {[%clk 1:32:20]} 6. dxc3
{[%clk 1:25:23]} Be7 {[%clk 1:32:32]} 7. Be3 {[%clk 1:24:56]} O-O {[%clk
1:32:48]} 8. Qd2 {[%clk 1:24:49]} c5 {[%clk 1:33:05]} 9. O-O-O {[%clk 1:12:06]}
Be6 {[%clk 1:32:59]} 10. Kb1 {[%clk 0:57:32]} Nc6 {[%clk 1:32:18]} 11. h4 {[%clk
0:57:11]} Qa5 {[%clk 1:30:59]} 12. c4 {[%clk 0:53:53]} Qxd2 {[%clk 1:28:43]} 13.
Rxd2 {[%clk 0:53:21]} Ne5 {[%clk 1:29:01]} 14. Nxe5 {[%clk 0:52:50]} dxe5 {[%clk
1:29:29]} 15. Be2 {[%clk 0:45:33]} Rad8 {[%clk 1:29:44]} 16. Rhd1 {[%clk
0:42:34]} Rxd2 {[%clk 1:28:54]} 17. Rxd2 {[%clk 0:42:59]} b6 {[%clk 1:29:13]} 18.
Bg5 {[%clk 0:33:49]} f6 {[%clk 1:29:39]} 19. Be3 {[%clk 0:34:06]} f5 {[%clk
1:29:57]} 20. Bg5 {[%clk 0:34:15]} Kf7 {[%clk 1:25:54]} 21. Bh5+ {[%clk 0:28:25]}
g6 {[%clk 1:26:19]} 22. Bf3 {[%clk 0:25:19]} e4 {[%clk 1:26:23]} 23. Be2 {[%clk
0:15:56]} Rh8 {[%clk 1:26:41]} 24. a4 {[%clk 0:05:19]} h6 {[%clk 1:26:24]} 25.
Bxe7 {[%clk 0:05:36]} Kxe7 {[%clk 1:26:52]} 26. a5 {[%clk 0:03:21]} g5 {[%clk
1:24:56]} 27. axb6 {[%clk 0:02:56]} axb6 {[%clk 1:25:24]} 28. Rd1 {[%clk
0:02:39]} f4 {[%clk 1:25:08]} 29. b3 {[%clk 0:00:33]} g4 {[%clk 1:24:38]} 30. Rg1
{[%clk 0:00:34]} Rg8 {[%clk 1:14:30]} 31. g3 {[%clk 0:00:53]} f3 {[%clk 1:13:42]}
32. Bd1 {[%clk 0:01:00]} Kf6 {[%clk 1:12:41]} 33. Kc1 {[%clk 0:01:22]} Rd8 {[%clk
1:12:30]} 34. Re1 {[%clk 0:01:38]} Ke5 {[%clk 1:12:43]} 35. Rf1 {[%clk 0:01:20]}
e3 {[%clk 1:11:54]} 36. fxe3 {[%clk 0:01:43]} Ke4 {[%clk 1:11:49]} 37. c3 {[%clk
0:00:58]} Rd6 {[%clk 1:10:33]} 38. Re1 {[%clk 0:01:09]} f2 {[%clk 1:10:56]} 39.
Bc2+ {[%clk 0:00:31]} Kf3 {[%clk 1:11:22]} 40. Bd1+ {[%clk 0:30:42]} Kg2 {[%clk
1:40:49]} 41. Re2 {[%clk 0:27:55]} Kg1 {[%clk 1:40:57]} 0-1

[Event "Greek Team Championship"]
[Site "chess24.com"]
[Date "2017.07.06"]
[Round "5"]
[White "Hararis, Georgios"]
[Black "Koronas, Vasilios"]
[Result "1-0"]
[Board "2"]
[WhiteElo "1901"]
[WhiteCountry "GRE"]
[WhiteFideId "4254317"]
[WhiteEloChange "7"]
[BlackElo "1777"]
[BlackCountry "GRE"]
[BlackFideId "4215397"]
[BlackEloChange "-7"]

1. e4 {[%clk 1:26:06]} g6 {[%clk 1:30:26]} 2. d4 {[%clk 1:26:16]} Bg7 {[%clk
1:30:49]} 3. Nf3 {[%clk 1:26:23]} d6 {[%clk 1:31:11]} 4. Be2 {[%clk 1:26:23]} Nd7
{[%clk 1:31:27]} 5. O-O {[%clk 1:26:42]} a6 {[%clk 1:31:17]} 6. c4 {[%clk
1:25:18]} c6 {[%clk 1:31:32]} 7. Nc3 {[%clk 1:25:35]} b5 {[%clk 1:31:46]} 8. a3
{[%clk 1:21:01]} Bb7 {[%clk 1:31:44]} 9. Re1 {[%clk 1:20:12]} Nh6 {[%clk
1:00:18]} 10. h3 {[%clk 1:14:35]} O-O {[%clk 1:00:29]} 11. Be3 {[%clk 1:13:09]}
Qc7 {[%clk 0:44:39]} 12. Qd2 {[%clk 1:12:24]} Nf5 {[%clk 0:32:22]} 13. exf5
{[%clk 1:12:26]} gxf5 {[%clk 0:32:46]} 14. Bh6 {[%clk 1:11:05]} Nf6 {[%clk
0:33:09]} 15. Bxg7 {[%clk 1:07:18]} Kxg7 {[%clk 0:33:32]} 16. Nh4 {[%clk
1:07:35]} Bc8 {[%clk 0:31:26]} 17. cxb5 {[%clk 1:04:54]} cxb5 {[%clk 0:30:17]}
18. Rac1 {[%clk 1:05:01]} Qb6 {[%clk 0:29:49]} 19. Bf3 {[%clk 1:05:07]} Rb8
{[%clk 0:30:00]} 20. Rxe7 {[%clk 1:04:42]} d5 {[%clk 0:29:10]} 21. Qf4 {[%clk
0:59:02]} Be6 {[%clk 0:29:13]} 22. Qg5+ {[%clk 0:59:02]} 1-0

[Event "Greek Team Championship"]
[Site "chess24.com"]
[Date "2017.07.06"]
[Round "5"]
[White "Lagaras, Stylianos"]
[Black "Kiriakopoulos, Antonios"]
[Result "1-0"]
[Board "3"]
[WhiteElo "1668"]
[WhiteCountry "GRE"]
[WhiteFideId "25837788"]
[WhiteEloChange "15"]
[BlackElo "1859"]
[BlackCountry "GRE"]
[BlackFideId "4203933"]
[BlackEloChange "-15"]

1. d4 {[%clk 1:27:35]} Nf6 {[%clk 1:30:52]} 2. c4 {[%clk 1:27:56]} e6 {[%clk
1:30:57]} 3. Nf3 {[%clk 1:28:12]} Bb4+ {[%clk 1:30:53]} 4. Bd2 {[%clk 1:28:29]}
Qe7 {[%clk 1:31:11]} 5. g3 {[%clk 1:28:52]} b6 {[%clk 1:30:24]} 6. Bg2 {[%clk
1:28:48]} Bb7 {[%clk 1:30:36]} 7. O-O {[%clk 1:28:32]} Bxd2 {[%clk 1:30:46]} 8.
Qxd2 {[%clk 1:27:20]} d6 {[%clk 1:26:13]} 9. Nc3 {[%clk 1:26:53]} Nbd7 {[%clk
1:24:21]} 10. Rfe1 {[%clk 1:23:18]} O-O {[%clk 1:18:29]} 11. e4 {[%clk 1:22:43]}
e5 {[%clk 1:18:38]} 12. Rac1 {[%clk 1:00:14]} c6 {[%clk 1:05:48]} 13. Nh4 {[%clk
0:55:07]} exd4 {[%clk 1:01:19]} 14. Nf5 {[%clk 0:53:59]} Qe5 {[%clk 0:56:09]} 15.
Nxd4 {[%clk 0:53:01]} g6 {[%clk 0:48:54]} 16. Rcd1 {[%clk 0:50:48]} Ne8 {[%clk
0:42:54]} 17. a3 {[%clk 0:43:27]} Rd8 {[%clk 0:39:13]} 18. b4 {[%clk 0:42:03]}
Qg7 {[%clk 0:31:53]} 19. f4 {[%clk 0:38:58]} Nb8 {[%clk 0:27:41]} 20. Nf3 {[%clk
0:31:47]} Nc7 {[%clk 0:25:00]} 21. Re3 {[%clk 0:23:11]} Ba6 {[%clk 0:16:30]} 22.
Qa2 {[%clk 0:16:24]} b5 {[%clk 0:14:11]} 23. Bf1 {[%clk 0:13:14]} bxc4 {[%clk
0:13:08]} 24. Bxc4 {[%clk 0:13:37]} Nb5 {[%clk 0:13:04]} 25. Nxb5 {[%clk
0:12:01]} cxb5 {[%clk 0:13:11]} 26. Bd5 {[%clk 0:11:58]} Nd7 {[%clk 0:13:23]} 27.
Red3 {[%clk 0:10:39]} Nb6 {[%clk 0:13:22]} 28. Kf2 {[%clk 0:04:57]} Rc8 {[%clk
0:12:47]} 29. Bb3 {[%clk 0:03:20]} Bb7 {[%clk 0:12:59]} 30. Rd4 {[%clk 0:03:12]}
Nc4 {[%clk 0:11:53]} 31. Bxc4 {[%clk 0:03:35]} bxc4 {[%clk 0:12:18]} 32. Rxc4
{[%clk 0:03:12]} Rxc4 {[%clk 0:12:23]} 33. Qxc4 {[%clk 0:03:40]} Qb2+ {[%clk
0:12:38]} 34. Rd2 {[%clk 0:03:30]} Qxa3 {[%clk 0:12:44]} 35. Rxd6 {[%clk
0:03:04]} Rc8 {[%clk 0:12:07]} 36. Qd4 {[%clk 0:03:33]} Qa2+ {[%clk 0:10:18]} 37.
Nd2 {[%clk 0:03:34]} Qc2 {[%clk 0:08:07]} 38. e5 {[%clk 0:02:05]} Qf5 {[%clk
0:06:52]} 39. Rd8+ {[%clk 0:01:26]} Rxd8 {[%clk 0:06:55]} 40. Qxd8+ {[%clk
0:31:53]} Kg7 {[%clk 0:37:10]} 41. Ke3 {[%clk 0:28:37]} Qh3 {[%clk 0:33:34]} 42.
Qf6+ {[%clk 0:25:39]} Kg8 {[%clk 0:33:29]} 43. Qd8+ {[%clk 0:23:49]} Kg7 {[%clk
0:33:52]} 44. Qd4 {[%clk 0:22:09]} Kh6 {[%clk 0:30:50]} 45. Qxa7 {[%clk 0:15:55]}
Qg2 {[%clk 0:30:18]} 46. Qb8 {[%clk 0:15:28]} Qc6 {[%clk 0:26:16]} 47. Qf8+
{[%clk 0:14:28]} Kh5 {[%clk 0:25:54]} 48. Qxf7 {[%clk 0:10:06]} Qc3+ {[%clk
0:25:26]} 49. Ke2 {[%clk 0:10:32]} Ba6+ {[%clk 0:23:59]} 50. Kd1 {[%clk 0:10:58]}
Kg4 {[%clk 0:23:04]} 51. Qe6+ {[%clk 0:10:53]} 1-0

[Event "Greek Team Championship"]
[Site "chess24.com"]
[Date "2017.07.06"]
[Round "5"]
[White "Salakas, Fotios"]
[Black "Papadoulis, Vasilis"]
[Result "0-1"]
[Board "4"]
[WhiteElo "1596"]
[WhiteCountry "GRE"]
[WhiteFideId "4270185"]
[WhiteEloChange "-10"]
[BlackElo "1612"]
[BlackCountry "GRE"]
[BlackFideId "4219783"]
[BlackEloChange "10"]

1. d4 {[%clk 1:30:48]} d5 {[%clk 1:28:07]} 2. c4 {[%clk 1:31:12]} Nf6 {[%clk
1:28:20]} 3. cxd5 {[%clk 1:31:32]} Nxd5 {[%clk 1:27:37]} 4. e4 {[%clk 1:31:55]}
Nf6 {[%clk 1:27:13]} 5. Nc3 {[%clk 1:32:16]} e6 {[%clk 1:27:06]} 6. a3 {[%clk
1:32:39]} Nc6 {[%clk 1:26:53]} 7. Nf3 {[%clk 1:32:45]} Be7 {[%clk 1:26:50]} 8.
Bf4 {[%clk 1:31:35]} O-O {[%clk 1:25:29]} 9. Be2 {[%clk 1:28:45]} a6 {[%clk
1:22:15]} 10. O-O {[%clk 1:28:56]} b5 {[%clk 1:18:40]} 11. Rc1 {[%clk 1:20:53]}
Ne8 {[%clk 1:00:01]} 12. d5 {[%clk 1:11:42]} Na5 {[%clk 0:51:08]} 13. Qc2 {[%clk
1:05:47]} Bd7 {[%clk 0:39:49]} 14. Rfd1 {[%clk 1:05:36]} Nd6 {[%clk 0:32:48]} 15.
e5 {[%clk 0:41:47]} Ndc4 {[%clk 0:29:12]} 16. Bd3 {[%clk 0:38:17]} h6 {[%clk
0:27:02]} 17. Be4 {[%clk 0:36:03]} Rc8 {[%clk 0:25:40]} 18. dxe6 {[%clk 0:25:30]}
fxe6 {[%clk 0:24:43]} 19. Bg3 {[%clk 0:25:30]} c5 {[%clk 0:22:29]} 20. Ne2 {[%clk
0:17:12]} Qc7 {[%clk 0:20:04]} 21. Nf4 {[%clk 0:13:34]} Rfe8 {[%clk 0:08:06]} 22.
Bh7+ {[%clk 0:09:25]} Kf8 {[%clk 0:06:29]} 23. Nh5 {[%clk 0:03:41]} Bc6 {[%clk
0:04:18]} 24. Nh4 {[%clk 0:01:59]} Bg5 {[%clk 0:02:53]} 25. Bf4 {[%clk 0:00:42]}
Bxh4 {[%clk 0:02:33]} 26. Qg6 {[%clk 0:00:33]} Qf7 {[%clk 0:02:20]} 27. Qg4
{[%clk 0:00:51]} g5 {[%clk 0:02:10]} 28. Nf6 {[%clk 0:01:01]} Red8 {[%clk
0:01:56]} 29. g3 {[%clk 0:00:53]} gxf4 {[%clk 0:01:42]} 30. Qxh4 {[%clk 0:01:15]}
Nxe5 {[%clk 0:01:34]} 31. Qxh6+ {[%clk 0:01:15]} Ke7 {[%clk 0:01:47]} 32. Qxf4
{[%clk 0:00:31]} Qxf6 {[%clk 0:02:01]} 0-1

[Event "Greek Team Championship"]
[Site "chess24.com"]
[Date "2017.07.06"]
[Round "5"]
[White "Antonopoulos, Panagiotis"]
[Black "Zgouletas, Ioannis"]
[Result "0-1"]
[Board "8"]
[WhiteElo "1335"]
[WhiteCountry "GRE"]
[WhiteFideId "4288980"]
[WhiteEloChange "-5"]
[BlackElo "1514"]
[BlackCountry "GRE"]
[BlackFideId "4289455"]
[BlackEloChange "5"]

1. e4 {[%clk 1:30:49]} e5 {[%clk 1:27:59]} 2. Nf3 {[%clk 1:31:09]} Nc6 {[%clk
1:28:15]} 3. Nc3 {[%clk 1:31:34]} Nf6 {[%clk 1:28:39]} 4. d4 {[%clk 1:31:55]}
exd4 {[%clk 1:27:50]} 5. Nxd4 {[%clk 1:32:19]} d6 {[%clk 1:27:28]} 6. Nxc6 {[%clk
1:29:54]} bxc6 {[%clk 1:27:47]} 7. Bg5 {[%clk 1:26:48]} Be7 {[%clk 1:28:00]} 8.
Qd2 {[%clk 1:24:27]} a5 {[%clk 1:21:23]} 9. Bc4 {[%clk 1:19:10]} Be6 {[%clk
1:20:13]} 10. Bxe6 {[%clk 1:17:01]} fxe6 {[%clk 1:20:34]} 11. O-O {[%clk
1:17:24]} O-O {[%clk 1:20:10]} 12. Rfe1 {[%clk 1:16:06]} d5 {[%clk 1:18:58]} 13.
exd5 {[%clk 1:14:10]} exd5 {[%clk 1:17:53]} 14. Re6 {[%clk 1:10:41]} Qd7 {[%clk
1:16:11]} 15. Rae1 {[%clk 1:10:08]} Rae8 {[%clk 1:16:07]} 16. Qe2 {[%clk
0:59:52]} Bd6 {[%clk 1:06:59]} 17. Bxf6 {[%clk 0:48:34]} Rxe6 {[%clk 1:07:00]}
18. Qxe6+ {[%clk 0:47:19]} Qxe6 {[%clk 1:07:21]} 19. Rxe6 {[%clk 0:47:43]} Rxf6
{[%clk 1:07:33]} 20. Rxf6 {[%clk 0:47:08]} gxf6 {[%clk 1:07:59]} 21. h3 {[%clk
0:38:59]} Kf7 {[%clk 1:08:03]} 22. Kf1 {[%clk 0:39:06]} Ke6 {[%clk 1:08:15]} 23.
Ke2 {[%clk 0:38:47]} Ke5 {[%clk 1:08:32]} 24. Kf3 {[%clk 0:27:48]} d4 {[%clk
1:02:05]} 25. Ne2 {[%clk 0:25:19]} c5 {[%clk 1:01:40]} 26. b3 {[%clk 0:23:24]}
Kd5 {[%clk 1:00:48]} 27. Nf4+ {[%clk 0:18:58]} Bxf4 {[%clk 0:54:00]} 28. Kxf4
{[%clk 0:19:18]} c4 {[%clk 0:54:15]} 29. Kf3 {[%clk 0:14:31]} cxb3 {[%clk
0:49:50]} 30. axb3 {[%clk 0:14:31]} c5 {[%clk 0:49:48]} 31. Ke2 {[%clk 0:12:46]}
c4 {[%clk 0:49:51]} 32. Kd2 {[%clk 0:11:35]} cxb3 {[%clk 0:47:46]} 33. cxb3
{[%clk 0:11:35]} Kc5 {[%clk 0:47:46]} 34. Kc2 {[%clk 0:03:26]} Kb4 {[%clk
0:48:02]} 35. f4 {[%clk 0:03:48]} d3+ {[%clk 0:48:22]} 36. Kxd3 {[%clk 0:04:09]}
Kxb3 {[%clk 0:48:45]} 37. g4 {[%clk 0:02:07]} a4 {[%clk 0:49:07]} 38. f5 {[%clk
0:02:08]} a3 {[%clk 0:49:11]} 39. g5 {[%clk 0:00:54]} a2 {[%clk 0:48:47]} 0-1